000 00470nam a2200181Ia 4500
005 20250117024242.0
008 240331s9999 xx 000 0 und d
020 _a0195639146
082 _bVIJ
_22578
_a305.3
100 _aRamaswamy, V
245 0 _aDivinity & Deviance:
_bWomen in Virasaivism
260 _aDelhi
_bOxford University Press
_c1996
300 _axxi, 137 p., (C II)
650 _aWomen
650 _aReligion
650 _aReligious poems
942 _cL
999 _c1603
_d1603